Loading...
| Current Events | 2 | 10.00 | 100% | 0% | 0% |
| Fine Arts - Auditory Fine Arts | 4 | 27.50 | 100% | 100% | 75% |
| Fine Arts - Other Fine Arts | 4 | 10.00 | 100% | 0% | 0% |
| Fine Arts - Visual Fine Arts | 4 | 12.50 | 100% | 25% | 0% |
| Geography | 1 | 10.00 | 100% | 0% | 0% |
| History - American History | 4 | 7.50 | 50% | 25% | 0% |
| History - European History | 2 | 10.00 | 50% | 50% | 0% |
| History - Other History | 4 | 10.00 | 50% | 50% | 0% |
| History - World History | 4 | 10.00 | 100% | 0% | 0% |
| Literature - American Literature | 3 | 16.67 | 100% | 33% | 33% |
| Literature - British Literature | 6 | 16.67 | 100% | 67% | 0% |
| Literature - European Literature | 1 | 10.00 | 100% | 0% | 0% |
| Literature - World Literature | 5 | 16.00 | 100% | 60% | 0% |
| Mythology | 2 | 5.00 | 50% | 0% | 0% |
| Philosophy | 5 | 14.00 | 80% | 40% | 20% |
| Religion | 5 | 14.00 | 100% | 40% | 0% |
| Science - Biology | 3 | 20.00 | 67% | 33% | 100% |
| Science - Chemistry | 6 | 16.67 | 50% | 67% | 50% |
| Science - Other Science | 3 | 20.00 | 100% | 100% | 0% |
| Science - Physics | 4 | 22.50 | 100% | 100% | 25% |
| Social Science | 4 | 15.00 | 100% | 50% | 0% |